000 00653nam a2200253Ia 4500
003 OSt
005 20221006145027.0
006 a|||||r|||| 00| 0
007 ta
008 221006b |||||||| |||| 00| 0 eng d
020 _c180.00
024 _a13,549
037 _cTextual
040 _aEASL
_cEASL
_beng
041 _2eng
_aeng
082 _aV498.N88, M9
100 _aCHOPRA P N
245 0 _aSocial cultural and political hisotry of Tibet
260 _aNew Delhi
_bCriterion Pub.
_c1989
300 _a144p.
_ccm.
490 _v Oth
942 _hV498.N88, M9
_cTEXL
_2CC
999 _c1081635
_d1081635